Лучшие произведения французских архитекторов прошлого (Запись № 5776343)

Подробности
000 -МАРКЕР
контрольное поле 00851nam0a22002411 4500
001 - ИДЕНТИФИКАТОР ЗАПИСИ
контрольное поле rc\606716
005 - ИДЕНТИФИКАТОР ВЕРСИИ
контрольное поле 20250621181927.0
035 ## - ДРУГИЕ СИСТЕМНЫЕ НОМЕРА
Идентификатор записи (NLR Aleph) 005850776
100 ## - ДАННЫЕ ОБЩЕЙ ОБРАБОТКИ
Данные общей обработки 20031121d1986 |||y0rusy50 ca
101 0# - ЯЗЫК РЕСУРСА
Язык текста, звукозаписи и т.д. русский
102 ## - СТРАНА ПУБЛИКАЦИИ ИЛИ ПРОИЗВОДСТВА
Страна публикации Российская Федерация
105 ## - ПОЛЕ КОДИРОВАННЫХ ДАННЫХ: ТЕКСТОВЫЕ МАТЕРИАЛЫ, МОНОГРАФИЧЕСКИЕ
Кодированные данные о монографическом текстовом документе a |||||||||
200 1# - ЗАГЛАВИЕ И СВЕДЕНИЯ ОБ ОТВЕТСТВЕННОСТИ
Основное заглавие Лучшие произведения французских архитекторов прошлого
Первые сведения об ответственности Пер. с фр. К.П. Окунской
Последующие сведения об ответственности Под ред. А.В. Ефимова
210 ## - ПУБЛИКАЦИЯ, РАСПРОСТРАНЕНИЕ И ДР.
Место издания, распространения и т.д. М.
Имя издателя, распространителя и т. д. Стройиздат
Дата издания, распространения и т.д. 1986
215 ## - ФИЗИЧЕСКАЯ ХАРАКТЕРИСТИКА
Специфическое обозначение материала и объем 170, [1] с.
Другие сведения о физической характеристике ил.
Размеры 24
300 ## - ОБЩИЕ ПРИМЕЧАНИЯ
Текст примечания Перевод изд.: Grands travaux, grands architectes du passe / Jacques Levron (Paris, 1980)
700 #1 - ИМЯ ЛИЦА - ПЕРВИЧНАЯ ОТВЕТСТВЕННОСТЬ
Начальный элемент ввода Леврон
Часть имени, кроме начального элемента ввода Ж.
Расширение инициалов личного имени Жак
801 #0 - ИСТОЧНИК ЗАПИСИ
Страна Российская Федерация
Организация NLR
Правила каталогизации psbo
801 #1 - ИСТОЧНИК ЗАПИСИ
Страна Российская Федерация
Организация ELAR
Источник данных rusmarc
852 ## - МЕСТОНАХОЖДЕНИЕ И ШИФР ХРАНЕНИЯ
Идентификатор организации NLR
Шифр хранения (Call Number) 86-7/682
942 ## - ДОПОЛНИТЕЛЬНЫЕ ЭЛЕМЕНТЫ ЗАПИСИ (АБИС)
Тип экземпляра АБИС Книга
980 ## - КОЛЛЕКЦИЯ
Название коллекции Национальная библиография
Экземпляры
Тип экземпляра Дата поступления Библиотека постоянного хранения Библиотека текущего хранения Место хранения Шифр хранения Штрих-код Статус экземпляра Источник поступления Стоимость
Книга 26.10.2013 РНБ (Московский) РНБ (Московский) Русский книжный фонд: издания с 1957 года 86-7/682 1-717593      
Книга 24.04.2014 РНБ (Московский) РНБ (Московский) Фонд общего зала литературы по филологии, педагогике и искусству (гуманитарной литературы) Л1 Щ113(4-8)/Л-377 1-480687     1.00
Книга 09.02.2014 РНБ (Садовая) РНБ (Садовая) Фонд научного зала литературы и искусства Нз Щ11(4/8)/Л-377 1-262963   Покупка